000 01818nam0a2200385 4500
001 RU\NLR\bibl\1509491
005 20250616022939.0
010 _a978-5-366-00133-5
021 _aRU
_b2010-22499
_91514
035 _a(nilc)RSL-KNO-004623011
035 _a(NLR Aleph) 001500894
090 _a1795250
_c1795250
100 _a20100330d2010 |||y0rusy50 ca
101 0 _arus
102 _aRU
105 _aa zzzz|||||
200 1 _aСекреты садоводства
_e[пособие для садоводов-любителей
_eсовременный российский опыт]
_fИ. И. Чухляев, В. И. Деменко
210 _aМосква
_cНиола-Пресс
_cЮНИОН-паблик
_d2010
215 _a282 с.
_cил., табл., цв. ил.
_d22
225 1 _aНовое и перспективное садоводам-любителям
320 _aБиблиогр.: с. 258-259
606 1 _aПриусадебное плодоводство
_91342659
_3RU\NLR\auth\66559881
606 1 _aПриусадебное ягодоводство
_92529793
_3RU\NLR\auth\661498508
610 0 _aСельское и лесное хозяйство. Сельскохозяйственные и лесохозяйственные науки -- Специальное растениеводство -- Плодоводство -- Приусадебные и коллективные сады
686 _aП25,1,0
_2rubbk
686 _aП258,1
686 _aП25,1
700 1 _aЧухляев
_bИ. И.
_gИгорь Иванович
_4070
701 1 _aДеменко
_bВ. И.
_gВасилий Иванович
_4070
801 0 _aRU
_bРГБ
_c20100330
_grcr
801 1 _aRU
_bРГБ
_c20100330
801 2 _aRU
_bNLR
_c20100511
_grcr
942 _cBOOK
980 _aNB